| 000 | 01505nam a2200457 i 4500 | ||
|---|---|---|---|
| 001 | 56365 | ||
| 003 | KOSZ 005 | ||
| 005 | 20211105091210.0 | ||
| 008 | 060629s2004 pl a g f |000 0 pol | ||
| 015 | _aPB 2006/13869 | ||
| 020 | _a8320615364 | ||
| 040 |
_aWA N _cWA N _dKOSZ 005/HR |
||
| 046 | _k2004 | ||
| 080 | _a656.1-049.5 | ||
| 080 | _a629.33.067 | ||
| 080 | _a(075.8) | ||
| 100 | 1 |
_aWicher, Jerzy _d(1936- ) _eAutor |
|
| 245 | 1 | 0 |
_aBezpieczeństwo samochodów i ruchu drogowego / _cJerzy Wicher. |
| 250 | _aWyd. 2 rozsz. | ||
| 260 |
_aWarszawa : _bWydawnictwa Komunikacji i Łączności, _c2004. |
||
| 300 |
_a316 s. : _bil. ; _c25 cm. |
||
| 336 |
_2rdacontent _aTekst _btxt |
||
| 337 |
_2rdamedia _aBez urządenia pośredniczącego _bn |
||
| 338 |
_2rdacarrier _aWolumin _bnc |
||
| 380 | _aKsiążki | ||
| 380 | _aPublikacje dydaktyczne | ||
| 385 |
_mPoziom nauczania _aSzkoły wyższe |
||
| 388 | _a2001- | ||
| 490 | 1 | _aPojazdy Samochodowe. | |
| 500 | _aNa grzb. akronim serii: PS. | ||
| 504 | _aBibliogr. s. 309-316. | ||
| 658 | _aTransport i logistyka | ||
| 655 | 4 | _aPodręczniki akademickie | |
| 650 | 4 | _aSamochody | |
| 650 | 4 | _aKomunikacja drogowa | |
| 650 | 4 | _aBezpieczeństwo ruchu drogowego | |
| 710 | 2 |
_aWydawnictwa Komunikacji i Łączności. _4pbl. |
|
| 856 | 4 | 1 |
_uhttp://koha.tu.koszalin.pl/cgi-bin/koha/opac-detail.pl?biblionumber=56365 _zKatalog online BPK |
| 830 | 0 | _aPojazdy Samochodowe | |
| 942 |
_2UKD _cKS |
||
| 999 |
_c56365 _d56365 |
||